| 000 -LEADER |
| fixed length control field |
00639nam a2200205 a 4500 |
| 001 - CONTROL NUMBER |
| control field |
017264744 |
| 003 - CONTROL NUMBER IDENTIFIER |
| control field |
UkOxU |
| 005 - DATE AND TIME OF LATEST TRANSACTION |
| control field |
20230202085204.0 |
| 008 - FIXED-LENGTH DATA ELEMENTS--GENERAL INFORMATION |
| fixed length control field |
100812r20101972enk j 000 1 eng d |
| 020 ## - INTERNATIONAL STANDARD BOOK NUMBER |
| International Standard Book Number |
9780006613404 |
| 040 ## - CATALOGING SOURCE |
| Transcribing agency |
STD |
| Modifying agency |
KH8 |
| 082 ## - DEWEY DECIMAL CLASSIFICATION NUMBER |
| Classification number |
823.91 KER |
| 100 1# - MAIN ENTRY--PERSONAL NAME |
| Personal name |
Kerr, Judith. |
| Relator term |
author |
| 245 10 - TITLE STATEMENT |
| Title |
When Willy went to the wedding / |
| Statement of responsibility, etc. |
written and illustrated by Judith Kerr |
| 260 ## - PUBLICATION, DISTRIBUTION, ETC. |
| Place of publication, distribution, etc. |
London : |
| Name of publisher, distributor, etc. |
HarperCollins, |
| Date of publication, distribution, etc. |
2010. |
| 300 ## - PHYSICAL DESCRIPTION |
| Extent |
[30] p. : |
| Other physical details |
chiefly col. ill. ; |
| Dimensions |
28 cm. |
| 500 ## - GENERAL NOTE |
| General note |
First published in Great Britain: London : William Collins, 1972. |
| 650 #0 - SUBJECT ADDED ENTRY--TOPICAL TERM |
| Topical term or geographic name entry element |
Weddings |
| Form subdivision |
Juvenile fiction. |
| 942 ## - ADDED ENTRY ELEMENTS (KOHA) |
| Source of classification or shelving scheme |
|
| Koha item type |
Books - Non Ficton |